| 000 | 00801 a2200229 4500 | ||
|---|---|---|---|
| 003 | UA-OsUOA | ||
| 005 | 20220707114410.0 | ||
| 008 | 220707b un ||||| |||| 00| 0 ukr d | ||
| 020 | _a9789669653864 | ||
| 040 |
_aUA-OsUOA _bukr _cUA-OsUOA _dUA-OsUOA |
||
| 041 | _aukr | ||
| 080 | _a82-94 | ||
| 090 |
_a82-94 _bК71 |
||
| 100 | _aКосів М. | ||
| 245 |
_aКам'яниця Корнякта _bісторико-літературний етюд _cМихайло Косів |
||
| 260 |
_aК. _bВольф _c2007 |
||
| 300 |
_a32 с. _bіл. |
||
| 650 |
_2UDC _a82 Література. Літературознавство |
||
| 942 |
_cBK _2udc |
||
| 955 | _a3 | ||
| 999 |
_c572693 _d572693 |
||